000 00602nam a2200217 a 4500
008
020 _a0749916435
049 _aMAIN
090 _aBF637.N46
_cALD
100 1 _aALDER, Harry
245 1 0 _aNLP for managers :
_bhow to achieve excellence at work /
_cHarry Alder
260 _aLondon :
_bPiatkus,
_c1996.
300 _a227 p.;
_c22 cm.
500 _aIncludes index.
650 1 _aNeuro-Linguistic programming
907 _a.b1007644x
_b16-06-03
_c11-06-03
003
005 20230123133253.0
040 _cNUST
942 _cBOOKS
_kBF637.N46
999 _c145695
_d145695